Statystyki dla O jakim polskim raperze mowa?

Kliknij tutaj aby rozwiązać quiz!

Ogólne statystyki

  • Ten quiz został rozwiązany 3 972 razy
  • Średni wynik to 9 z 15

Statystyki odpowiedzi

HintOdpowiedź% Poprawnych
Dużą popularność zdobył dzięki kawałkowi "Minotaur", do mainstreamu wszedł dzięki kawałkowi "Bossman"Reto
93%
"Szef" chillwagonu, ma własny labelBorixon
85%
Chyba najpopularniejszy polski raper, jedna z jego płyt nosi nazwę "Eklektyka"Quebonafide
83%
W swojej karierze miał wiele beefów, był kiedyś freestylowcemFilipek
80%
Zdobył dużą popularność dzięki chillwagonowiQry
77%
Weteran rapsceny, miał beef z TedePeja
72%
Dużą popularność zdobył w 2018, jego najnowsza płyta nosi nazwę "Plansze"Jan-rapowanie
63%
W kawałku "Kontrola jakości" był wyzywany przez SzpakaYoung Multi
63%
Przez wielu nielubiany, jedna z jego płyt nosi nazwę "Tijara"Malik Montana
61%
Był kiedyś listonoszemKęKę
57%
Niedawno ściął włosy z powodu zdobycia złota na płycieŻabson
55%
Najmłodszy młody wilk w 2018Zeamsone
37%
Wybił się znikąd w 2018, niedawno wydał swój trzeci solowy albumKizo
35%
Niedawno wydał płytę z VBSemPrzyłu
25%
Niezbyt lubiany przez słuchaczy newschoolu, niedawno miał beef z BedoesemDixon37
23%

Rozkład punktacji

Percentyl według liczby udzielonych odpowiedzi

Procent ludzi z każdym wynikiem

Twoja historia wyników

Nie rozwiązałeś tego quizu